Women and girls protection act 1973(Act 106)&akta perlindungan wanita dan gadis,1973(Akta 106)

Bibliographic Details
Corporate Author: Malaysia
Format: Book
Published: Kuala Lumpur : ILBS , 1991
Series:As at 10th.August 1991
Laws of Malaysia
Subjects:

MARC

LEADER 00000cam a2200000 7i4500
001 0000003129
002 000003384
005 20000330.0
020 |a 9678904330 
090 0 0 |a 346.013409595   |b MAL 
110 2 |a Malaysia 
245 1 0 |a Women and girls protection act 1973(Act 106)&akta perlindungan wanita dan gadis,1973(Akta 106)   |c disusun oleh Lembaga Penyelidikan Undang-undang 
260 |a Kuala Lumpur :   |b ILBS ,   |c 1991 
300 |a 58p. ;   |c 22cm. 
490 0 |a As at 10th.August 1991 
490 0 |a Laws of Malaysia 
650 0 0 |a Women and girls protection   |x Law and legislation 
999 |a 036691   |b AKTA - KOLEKSI UNDANG-UNDANG   |c AKTA   |e PERPUSTAKAAN KOMUNITI PETALING JAYA